000 00639nam a2200193Ia 4500
008 240729s9999 xx 000 0 und d
022 _a1941-417X
245 0 _aJournal of Intercollegiate Sport
260 _aUnited States
260 _bUniversity of Kansas Libraries
650 _a Recreation leadership. Administration of recreation services | Geography. Anthropology. Recreation
650 _a Recreation. Leisure
650 _a Recreation. Leisure
650 _a Sports
650 _aGeography. Anthropology. Recreation
856 _uhttps://doaj.org/toc/c1f8eeeefa494008ad894ac45b7024af
942 _2ddc
942 _cDOAJEJ
999 _c73415
_d73415
945 _a1
_bMadushi Gamage
_c1
_dMadushi Gamage